000
00218nam a2200097Ia 4500
008
230907s9999||||xx |||||||||||||| ||und||
082
_a
532.05,FLU
245
0
_a
Fluid dynamics :
300
_a
xvi, 508 p.:
942
_c
BK
999
_c
597708
_d
597708